CLIC Les points extrêmes des régions françaises actuelles - Statistiques

Statistiques générales
  • Ce quiz a été pris 14 fois
  • Le résultat moyen est 15 sur 52
Statistiques - réponses
Hint Explanation Réponse % Correct
Occitanie - Villeneuve-lès-Avignon Gard EST
60%
Normandie - Eu Seine-Maritime NORD
60%
Provence-Alpes-Côte d'azur - Hyères Var SUD
60%
Nouvelle-Aquitaine - Urdos Pyrénées-Atlantiques SUD
60%
Bourgogne-Franche-Comté - Réchésy Territoire de Belfort EST
50%
Bourgogne-Franche-Comté - Neuvy-sur-Loire / Rogny-les-sept-écluses Nièvre / Yonne OUEST
50%
Provence-Alpes-Côte d'azur - Saintes-Marie-de-la-Mer Bouches-du-Rhône OUEST
50%
Bretagne - Ouessant Finitère OUEST
50%
Pays-de-la-Loire - Piriac-sur-Mer Loire-Atlantique OUEST
50%
Corse - Bonifacio Corse-du-Sud SUD
50%
Auvergne-Rhône-Alpes - Bonneval-sur-Arc Savoie EST
40%
Hauts-de-France - Bray-Dunes Nord NORD
40%
Auvergne-Rhône-Alpes - Château-sur-Allier Allier NORD
40%
Grand Est - Givet Ardennes NORD
40%
Grand Est - Courceroy Aube OUEST
40%
Centre-Val-de-Loire - Candes-Saint-Martin Indre-et-Loire OUEST
40%
Auvergne-Rhône-Alpes - Siran Cantal OUEST
40%
Grand Est - Lauterbourg Bas-Rhin EST
30%
Bretagne - Plougrescant Côtes-d'Armor NORD
30%
Bourgogne-Franche-Comté - Perceneige Yonne NORD
30%
Nouvelle-Aquitaine - Saint-Martin-de-Sanzay Deux-Sèvres NORD
30%
Corse - Ersa Haute-Corse NORD
30%
Provence-Alpes-Côte d'azur - La Grave Hautes-Alpes NORD
30%
Normandie - Auderville / Jobourg Manche OUEST
30%
Corse - Osani Corse-du-Sud OUEST
30%
Hauts-de-France - Mers-les-Bains Somme OUEST
30%
Bretagne - Locmaria Morbihan SUD
30%
Grand Est - Lucette Haut-Rhin SUD
30%
Pays-de-la-Loire - Gréez-sur-Roc Sarthe EST
20%
Bretagne - Le Pertre Ille-et-Vilaine EST
20%
Centre-Val-de-Loire - Guainville Eure-et-Loir NORD
20%
Pays-de-la-Loire - Lignières-Orgères Mayenne NORD
20%
Occitanie - Cressensac Lot NORD
20%
Nouvelle-Aquitaine - Hendaye Pyrénées-Atlantiques OUEST
20%
Occitanie - Arrens-Marsous Hautes-Pyrénées OUEST
20%
Bourgogne-Franche-Comté - Coublanc Saône-et-Loire SUD
20%
Ile-de-France - Beaumont-du-Gâtinais Seine-et-Marne SUD
20%
Hauts-de-France - La Celle-sous-Montmirail Aisne SUD
20%
Centre-Val-de-Loire - Bonneuil Indre SUD
20%
Corse - San-Giuliano Haute-Corse EST
10%
Normandie - Gisors Eure EST
10%
Centre-Val-de-Loire - Montcorbon Loiret EST
10%
Ile-de-France - Louan-Villegruis-Fontaine Seine-et-Marne EST
10%
Ile-de-France - Saint-Clair-sur-Epte Val-d’Oise NORD
10%
Ile-de-France - Blaru Yvelines OUEST
10%
Auvergne-Rhône-Alpes - Ferrassières Drôme SUD
10%
Normandie - Ceton Orne SUD
10%
Provence-Alpes-Côte d'azur - La Brigue Alpes-Maritimes EST
0%
Hauts-de-France - Any-Martin-Rieux Aisne EST
0%
Nouvelle-Aquitaine - Charron Creuse EST
0%
Occitanie - Lamanère Pyrénées-Orientales SUD
0%
Pays-de-la-Loire - Damvix Vendée SUD
0%
Aucun quiz correspondant
Distribution des résultats
% des personnes avec chaque résultat
Percentile par nombre de réponses
Votre historique - résultats
Vous n’avez pas pris ce quiz